000 00551nam a2200145Ia 4500
008 090122s9999 xx 000 0 und d
082 _b9079
_a891.433
100 _aअधिकारी
_bमहावीर
245 _aअपने आप को पहचानिये (हिंदी)
600 _aअधिकारी
630 _aअपने आप को पहचानिये (हिंदी)
700 _aअधिकारी
730 _aअपने आप को पहचानिये (हिंदी)
942 _cBOOK
999 _c33156
_d33156